| 000 | 02597cam a2200697 4500 | ||
|---|---|---|---|
| 999 |
_c371885 _d371885 |
||
| 001 | 869000780 | ||
| 003 | DE-627 | ||
| 005 | 20220930103925.0 | ||
| 007 | tu | ||
| 008 | 160927s2016 gw ||||| m 00| ||ger c | ||
| 015 |
_a16,N39 _2dnb |
||
| 015 |
_a16,A43 _2dnb |
||
| 016 | 7 |
_a111441008X _2DE-101 |
|
| 020 |
_a9783865739582 _cBroschur : EUR 66.00 (DE), EUR 67.90 (AT) |
||
| 020 | _a386573958X | ||
| 024 | 3 | _a9783865739582 | |
| 035 | _a(DE-627)869000780 | ||
| 035 | _a(DE-576)480827516 | ||
| 035 | _a(DE-599)GBV869000780 | ||
| 035 | _a(OCoLC)959575812 | ||
| 035 | _a(OCoLC)959575812 | ||
| 035 | _a(OCoLC)1050705868 | ||
| 040 |
_aDE-627 _bger _cDE-627 _erda |
||
| 041 | _ager | ||
| 044 |
_cXA-DE _cXA-DE-BE |
||
| 082 | 0 |
_a305.90697094309032 _qDE-101 _222/ger |
|
| 082 | 0 | 4 |
_a300 _a355 _a943 _qDE-101 |
| 082 | 0 | 4 |
_a940 _qDE-101 |
| 084 |
_a940#DNB _2sdnb |
||
| 084 |
_a8,1 _2ssgn |
||
| 084 |
_aNK 7030 _qBVB _2rvk _0(DE-625)rvk/126159: |
||
| 084 |
_aNR 6870 _qBVB _2rvk _0(DE-625)rvk/129672: |
||
| 084 |
_a15.42 _2bkl |
||
| 084 |
_a15.08 _2bkl |
||
| 084 |
_a15.46 _2bkl |
||
| 084 |
_a89.82 _2bkl |
||
| 090 | _aa | ||
| 100 | 1 |
_aBecker, Denny _d1978- _eVerfasserIn _0(DE-588)1019196521 _0(DE-627)690814372 _0(DE-576)357213297 _4aut |
|
| 245 | 1 | 0 |
_aVersorgung, Niederlassung und Lebenswelt preußischer Soldaten- und Invalidenfamilien auf dem Land (1740-1806) _cDenny Becker |
| 264 | 1 |
_aBerlin _bwvb Wissenschaftlicher Verlag Berlin _c[2016] |
|
| 264 | 4 | _c© 2016 | |
| 300 |
_a447 Seiten _bIllustrationen, Karten, Pläne _c21 cm, 630 g |
||
| 336 |
_aText _btxt _2rdacontent |
||
| 337 |
_aohne Hilfsmittel zu benutzen _bn _2rdamedia |
||
| 338 |
_aBand _bnc _2rdacarrier |
||
| 502 |
_bDissertation _cHumboldt-Universität Berlin _d2016 |
||
| 653 |
_aPeußen _aGeschichte 1746 - 1800 _aMilitär |
||
| 653 |
_aSoldaten _aFürsorge |
||
| 655 | 7 |
_aHochschulschrift _0(DE-588)4113937-9 _0(DE-627)105825778 _0(DE-576)209480580 _2gnd-content |
|
| 951 | _aBO | ||
| 751 |
_aBerlin _0(DE-588)4005728-8 _0(DE-627)10482638X _0(DE-576)208862560 _4uvp |
||
| 856 | 4 | 2 |
_uhttp://d-nb.info/111441008X/04 _mB:DE-101 _qpdf/application _v20161020003402 _3Inhaltsverzeichnis |
| 856 | 4 | 2 |
_uhttp://www.wvberlin.com/programm/shop/einzelansicht/suche/versorgung-niederlassung-und-lebenswelt-preussischer-soldaten-und-invalidenfamilien-auf-dem-land-1740-1806/7d5221a2c7ed127a5113dbf9fd525703/?tt_products[sword]=denny%20becker _mX:MVB _qtext/html _3Inhaltstext |
| 936 | r | v | _aNK 7030 |
| 936 | r | v | _aNR 6870 |
| 936 | b | k | _a15.42 |
| 936 | b | k | _a15.08 |
| 936 | b | k | _a15.46 |
| 936 | b | k | _a89.82 |
| 942 |
_2z _cB |
||